| 000 | 01196nam a2200277 a 4500 | ||
|---|---|---|---|
| 001 | BRCA_9063 | ||
| 005 | 20190320210518.0 | ||
| 008 | 040917s1792----sp-#######---#000-0#spa-# | ||
| 041 | _aspa | ||
| 044 | _asp | ||
| 084 |
_aBE107 _b.B83 1792 |
||
| 100 | 1 |
_aBuchan, Guillermo _922255 |
|
| 245 | 1 | 0 |
_aMedicina domestica o tratado completo sobre los medios de conservar la salud, precaver y curar las enfermedades por un régimen y remedios simples _cpor Guillermo Buchan; traducida de la última y nona edición Inglesa, igualmente que las notas que puso Mr. Duplanil; por D. Pedro Sinnot... |
| 250 | _a2ª ed. | ||
| 260 |
_aMadrid _bEn la Imprenta Real _c1792 |
||
| 300 |
_a461 p. (t.3) _c22 x 15.8 cm |
||
| 500 | _aEstado físico: presenta encuadernación en pergamino con cintas rotas y lomo semi desprendido | ||
| 500 | _aCon licencia | ||
| 500 | _aEn portada: Corregida, ilustrada, aumentada y revisada por los Físicos y Botánicos mas acreditados en esta Corte... | ||
| 500 | _aEn portada: Impreso a costa de Don Pedro Kearney | ||
| 650 | 1 | 4 |
_aMedicina popular _922256 |
| 650 | 1 | 4 |
_aMedicina tradicional _922257 |
| 700 | 1 |
_aSinno, Pedro _922424 |
|
| 902 | _aCFM | ||
| 942 |
_2lcc _cB |
||
| 999 |
_c8713 _d8713 |
||